Sistema electoral público

Furkejuvvon:
Bibliográfalaš dieđut
Váldodahkki: Zúñiga San Martín, Ana María (Dahkki)
Materiálatiipa: Girji
Giella:espánnjágiella
Almmustuhtton: Santiago Jurídica de Chile 1988
Fáttát:
Fáddágilkorat: Lasit fáddágilkoriid
Eai fáddágilkorat, Lasit vuosttaš fáddágilkora!

MARC

LEADER 00000nam a2200000 a 4500
001 UCV0913
003 CL-VaPUC
008 890724e19880000CL |||||||||||||||||spa|d
082 0 4 |a 342.07  |b ZUÑ  |2 21 
100 0 |a Zúñiga San Martín, Ana María  |e author  |9 295244 
245 1 0 |a Sistema electoral público 
300 |a 3 v 
942 |c BK 
945 |d 19890724 00:00:00 
260 |a Santiago  |b Jurídica de Chile  |c 1988 
500 |a v.1: Leyes orgánicas constitucionales sobre: Tribunal Calificador de Elecciones. Sistema de Inscripciones Electorales y Servicio Electoral. Tribunales Electorales regionales 
500 |a v.2: Ley Orgánica constitucional de los partidos políticos y normas complementarias 
650 0 |a Elecciones  |9 254997 
650 0 |a Derecho y legislación   |9 255077 
650 0 |a Partidos políticos  |9 254999 
651 7 |a CHILE  |2 CL-VaPUC  |9 295245 
583 |a last modification  |c 19890724 00:00:00  |k Rodrigo Vera 
999 |c 209090  |d 209088 
952 |0 0  |1 0  |4 0  |6 342_070000000000000_ZUÑ_1988  |7 0  |8 A  |9 184249  |a BIBDER  |b BIBDER  |d 2019-11-14  |h v.1  |i 2513986  |o 342.07 ZUÑ 1988  |p 2513986  |r 2023-01-25  |w 2019-11-14  |y BK  |k DER 
952 |0 0  |1 0  |4 0  |6 342_070000000000000_ZUÑ_1988  |7 0  |8 A  |9 184250  |a BIBDER  |b BIBDER  |d 2019-11-14  |h v.2  |i 2513994  |o 342.07 ZUÑ 1988  |p 2513994  |r 2023-01-25  |w 2019-11-14  |y BK  |k DER 
952 |0 0  |1 0  |4 0  |6 342_070000000000000_ZUÑ_1988  |7 0  |8 A  |9 184251  |a BIBDER  |b BIBDER  |d 2019-11-14  |h v.3  |i 2514001  |o 342.07 ZUÑ 1988  |p 2514001  |r 2023-01-25  |w 2019-11-14  |y BK  |k DER 
952 |0 0  |1 0  |4 0  |6 342_070000000000000_ZUÑ_1988  |7 0  |8 A  |9 184252  |a BIBHIS  |b BIBHIS  |d 2019-11-14  |h v.1  |i 251401K  |o 342.07 ZUÑ 1988  |p 251401K  |r 2025-01-20  |w 2019-11-14  |y BK  |k HIS 
952 |0 0  |1 0  |4 0  |6 342_070000000000000_ZUÑ_1988  |7 0  |8 A  |9 184253  |a BIBHIS  |b BIBHIS  |d 2019-11-14  |h v.2  |i 2514028  |o 342.07 ZUÑ 1988  |p 2514028  |r 2025-01-20  |w 2019-11-14  |y BK  |k HIS